000 00623nam a22001817a 4500
005 20251108172948.0
008 250721s2003 xx 000 0 ara d
082 1 4 _a330.1/بطا
100 1 _aالبطاينة، إبراهيم محمد
245 1 0 _aتطور الفكر الإقتصادي الوضعي و الإسلامي /
264 1 _aالمفرق :
_bدار المسار للنشر والتوزيع،
_c2003.
300 _a270ص.
650 1 7 _aالفكر الإقتصادي
650 1 7 _aالمذاهب الإقتصادية
650 1 7 _aالإقتصاد الإسلامي
942 _2ddc
_cBK
999 _c92863
_d92863